| 000 | 00662nam a2200205 i 4500 | ||
|---|---|---|---|
| 001 | 156090 | ||
| 003 | ES-MaACL | ||
| 005 | 20240524063005.0 | ||
| 008 | 040727s1850 gw |||| | eng d | ||
| 040 |
_aCAM _bspa _cCAM |
||
| 100 | 0 |
_aIrving, Washington, _d1783-1859 _965506 |
|
| 245 | 1 | 4 |
_aThe life of Mahomet / _cby Washington Irving. |
| 260 |
_aLeipzig : _bBernhard Tauchnitz, _c1850. |
||
| 300 |
_aX, 302 p. ; _c16 cm. |
||
| 490 | 1 |
_aCollection of british authors ; _v191 |
|
| 600 | 0 | 4 |
_aMahoma. _975544 |
| 830 | 0 |
_aCollection of british authors ; _v191 _9180703 |
|
| 852 |
_aES-MaACL _jG-11576 _z-- Enc. hol. |
||
| 999 |
_c156090 _d156090 |
||